| 000 | 00659cam a22002531 4500 | ||
|---|---|---|---|
| 999 |
_c8411 _d8411 |
||
| 001 | 8411 | ||
| 003 | BD-JhCC | ||
| 005 | 20180224090826.0 | ||
| 008 | 761001s1937 nyuab 001 1 eng | ||
| 035 | _a(BD-JhCC)8411 | ||
| 035 | _a(OCoLC)2476618 | ||
| 040 |
_aDLC _cKyLoU _dDLC |
||
| 041 | _aeng | ||
| 050 | 0 | 0 |
_aG126 _b.D6 |
| 082 |
_a910 _bPRE 1965 |
||
| 100 | 1 | _aPreece, D. M. | |
| 245 | 1 | 0 |
_aFoundations of geography, _bD. M. Preece and H. R. B. Wood |
| 260 |
_aLondon : _bUniversity Tutorial Press Ltd, _c1965 |
||
| 300 |
_a347 p. : _c20 cm. |
||
| 650 | 0 |
_aGeography _vTextbooks. |
|
| 700 | 1 | _aWood, H. R. B. | |
| 942 |
_2ddc _cBK |
||